[Event "Logumkloster-ch"]
[Site "Logumkloster"]
[Date "2018.04.03"]
[Round "1"]
[White "Christensen, Benny1111"]
[Black "Trane, Kim Juul"]
[Result "1/2-1/2"]
[WhiteElo "1806"]
[BlackElo "1287"]
[PlyCount "131"]
[EventDate "2018.04.03"]
[EventType "swiss"]
[EventRounds "7"]
[EventCountry "DEN"]
[SourceTitle "EXT 2020"]
[Source "ChessBase"]
[SourceDate "2019.10.17"]
[SourceVersion "1"]
[SourceVersionDate "2019.10.17"]
[SourceQuality "1"]

1. e4 d6 2. d4 e6 3. Be3 d5 4. exd5 exd5 5. c4 Nf6 6. Nc3 Be7 7. Bd3 Be6 8. c5 c6 9. f3 Nbd7 10. Nge2 Nf8 11. 0-0 Ng6 12. f4 Ng4 13. Bd2 f5 14. Ng3 Nh6 15. Re1 Bd7 16. Nh5 0-0 17. Qc2 Bh4 18. g3 Be7 19. Re2 Bf6 20. Nxf6+ Qxf6 21. Rae1 Qxd4+ 22. Be3 Qf6 23. Bd2 Rae8 24. Nd1 Rxe2 25. Rxe2 Re8 26. Bc3 Qf7 27. Nf2 Rxe2 28. Bxe2 Qe7 29. Bd4 Nf8 30. b4 Ng4 31. Nxg4 fxg4 32. Be5 g6 33. Qc3 Bf5 34. Kf2 Nd7 35. Bh8 h5 36. Bd4 h4 37. Bd3 h3 38. Qc2 Qe6 39. a4 Nf6 40. Bxf6 Qxf6 41. Bxf5 gxf5 42. Qd2 Qe6 43. b5 Qe4 44. b6 axb6 45. cxb6 Qxa4 46. Kf1 Qb5+ 47. Ke1 Qxb6 48. Kf1 Qb1+ 49. Kf2 b6 50. Qe2 Qe4 51. Qa6 Qf3+ 52. Ke1 Qh1+ 53. Kd2 Qxh2+ 54. Ke1 Qxg3+ 55. Kd1 Qg1+ 56. Kc2 Qc5+ 57. Kd2 h2 58. Qc8+ Qf8 59. Qe6+ Qf7 60. Qh6 g3 61. Qg5+ Kf8 62. Qd8+ Kg7 63. Qg5+ Qg6 64. Qe7+ Kg8 65. Qd8+ Kg7 66. Qe7+ 1/2-1/2